La réponse est un champion de League of Legends - Statistiques

Statistiques générales
  • Ce quiz a été pris 41 fois
  • Le résultat moyen est 12 sur 20
Statistiques - réponses
Indice Réponse % Correct
Bonhomme de neige dans La Reine des Neiges Olaf
89%
6 en chiffre romain Vi
86%
Concept bouddhiste lié aux conséquences des actions Karma
83%
Partie du corps vulnérable d’Achille Talon
83%
Navigatrice de l’équipage de Luffy dans One Piece Nami
74%
Robert Badinter y est entré en 2025 Panthéon
74%
Mot désignant quelque chose ayant lieu durant la nuit Nocturne
71%
Cottin, Combal ou Cerf Camille
69%
Plateforme de streaming appartenant à Amazon Twitch
69%
Déesse romaine de la chasse et de la lune Diana
66%
Nom de famille de Juste dans Le Dîner de cons Leblanc
66%
Nom de famille du personnage de Suicide Squad interprété par Margot Robbie Quinn
66%
Marque, en anglais Brand
57%
Porter malheur, en anglais Jinx
49%
Prénom de la chanteuse de Tata Yoyo Annie
46%
Roi perse ayant lancé la première invasion de la Grèce Darius
40%
Ville suisse, chef-lieu du Valais Sion
40%
Cocktail à base de gin et de citron Gin {Fizz}
37%
Chanteuse norvégienne de Runaway Aurora
29%
Rappeur français du groupe 13 Block, ayant collaboré avec Booba sur “Jauné” Zed
26%
Aucun quiz correspondant
Distribution des résultats
% des personnes avec chaque résultat
Percentile par nombre de réponses
Votre historique - résultats
Vous n’avez pas pris ce quiz